00611nam a22002297a 4500003000200000005001700002008000200019010001300021020002500034035002300059037001600082040001500098082001600113100001800129245004000147260004100187270004300228300002000271500002100291650002900312650004000341020180716102940.00 aB-160913 c00.00a9788170999508 aB-160913, B-160914 bCen Lib/Ret aDPLbENc0 a382.92bBAN aBansal, N. S. aWTO after Cancun /cby N. S. Bansal aNew DelhibMittal Publicationsc2004 aA-110, Mohan GardenbNew Delhie110059 a418p.c22cm(Hb) aIncludes index  aWorld Trade Organization aInternational trade -- Case studies